00827nam a2200277Ia 4500008004000000020001500040041000800055082001500063100002100078245007300099250000500172260003500177300001300212650001300225650001600238650001300254650001900267650001500286650000700301650000800308650000600316690002600322906001100348999001900359952017100378210210b2003 xxu||||| |||| 00| 0 eng d a0471415642 aeng a158.7 SPEI aSPECTOR (Paul E) aIndustrial and organizational psychology: research and practice Ed 3 a aUSAbJohn Wiley and Sonsc2003 axxii,405 aresearch apsychology: apractice aorganizational aIndustrial aEd aand a3 aIndustrial Psychology a064223 c140390d140390 001040708PsychologyaALbALcPsychologyd2021-02-17eKnowledge World, Bangalore-18g2542.20l1o158.7 SPEIp064223r2022-04-22 00:00:00s2022-04-12w2021-02-17yBK